| 000 | 00802nam a22002057a 4500 | ||
|---|---|---|---|
| 003 | 0 | ||
| 005 | 20250214104354.0 | ||
| 008 | 250213b xxu||||| |||| 00| 0 eng d | ||
| 050 |
_aBF 723.M6 _b.M46 2024 |
||
| 100 | _aMendoza, Diego M. | ||
| 245 |
_aMindset and academic motivation among offshore college students. _cDiego M. Mendoza |
||
| 260 |
_aLas Pinas City _bSouthville International School and Colleges _c2024 |
||
| 300 |
_ax, 185 pages; _c28cm. |
||
| 500 | _aBachelor of Science in Psychology. | ||
| 504 | _aIncludes bibliographical references and appendices. | ||
| 650 | _aAcademic motivation—Psychological perspectives -- students. | ||
| 650 | _aMindset theory— College student performance. | ||
| 650 | _aStudent achievement—Motivation --- Higher education. | ||
| 942 |
_2lcc _cTH |
||
| 999 |
_c367218 _d367218 |
||